000 00544nam a22001697a 4500
005 20251108165158.0
008 250721s1975 xx 000 0 ara d
082 1 4 _a956.4/هشا
100 1 _aشرابي، هشام
245 1 0 _aالدبلوماسية و الإستراتيجية في الصراع العربي الإسرئيلي /
264 1 _aبيروت :
_bالدار المتحدة،
_c1975.
300 _a100ص.
650 1 7 _aتاريخ فلسطين
650 1 7 _aالتاريخ السياسي
942 _2ddc
_cBK
999 _c21426
_d21426